Italiens Nachbarstaaten - Statistiken

Allgemein
  • Dieses Quiz wurde 51 mal gespielt
  • Das Durchschnittsergebnis liegt bei 5 aus 6
Antwortstatistiken
Nachbarstaaten % Korrekt
Österreich
100%
Schweiz
98%
Frankreich
94%
Slowenien
94%
San Marino
81%
Vatikanstadt
81%
Keine übereinstimmenden Quizze gefunden
Verteilung der Resultate
Anzahl Personen mit jedem Resultat
Perzentil nach korrekt beantworteten Fragen
Ihre Resultats-Entwicklung
Sie haben dieses Quiz noch nicht gespielt